Online
Catalog

Tres en versos : (Record no. 45353)

MARC details
000 -CABECERA
campo de control de longitud fija 00638nam a2200181 a 4500
001 - NÚMERO DE CONTROL
campo de control 000045864
005 - FECHA Y HORA DE LA ÚLTIMA TRANSACCIÓN
campo de control 20201002052505.0
008 - DATOS DE LONGITUD FIJA--INFORMACIÓN GENERAL
campo de control de longitud fija 150525s2007 dr ac 000 0 spa d
040 ## - FUENTE DE LA CATALOGACIÓN
Centro catalogador/agencia de origen DO-SdBNP
Lengua de catalogación spa
Centro/agencia transcriptor BNPHU
082 ## - NÚMERO DE LA CLASIFICACIÓN DECIMAL DEWEY
Número de clasificación xxxx
Número de documento/Ítem xxxx
100 1# - ENTRADA PRINCIPAL--NOMBRE DE PERSONA
Nombre de persona Sosa Olivo, César
9 (RLIN) 73937
245 10 - MENCIÓN DE TÍTULO
Título Tres en versos :
Resto del título entre lo romántico, lo sentimental y lo pasional /
Mención de responsabilidad, etc. César Sosa Olivo, J. William Rijo, Felipe Guzmán.
260 ## - PUBLICACIÓN, DISTRIBUCIÓN, ETC.
Lugar de publicación, distribución, etc. Santo Domingo :
Nombre del editor, distribuidor, etc. Impresora Mella,
Fecha de publicación, distribución, etc. 2007.
300 ## - DESCRIPCIÓN FÍSICA
Extensión 62 p. :
Otras características físicas il. ;
Dimensiones 18 cm.
500 ## - NOTA GENERAL
Nota general Incluye datos biográficos de los autores.
700 12 - PUNTO DE ACCESO ADICIONAL--NOMBRE DE PERSONA
Nombre de persona William Rijo, J.
9 (RLIN) 73938
700 12 - PUNTO DE ACCESO ADICIONAL--NOMBRE DE PERSONA
Nombre de persona Guzmán, Felipe
9 (RLIN) 73939
Holdings
Estado de retiro Estado de pérdida No para préstamo Código de colección Localización permanente Ubicación/localización actual Ubicación en estantería Fecha de adquisición Número de inventario Total de préstamos Signatura topográfica completa Código de barras Fecha visto por última vez Precio válido a partir de Tipo de ítem Koha Nota pública
    Excluido de préstamo Patrimonio Dominicano Patrimonio Dominicano Patrimonio Dominicano En catalogación 25.05.2015 LF1   xxxx xxxx 45864-10 25.06.2020 25.06.2020 Libro y Folleto Colección Patrimonio Dominicano Perteneció a la biblioteca personal de Erick Landestoy.

Powered by Koha